Biblioteca y Centro de Documentación

Revista de Derecho de la Seguridad Social (Registro nro. 46201)

Detalles MARC
000 -CABECERA
Longitud fija campo de control 01215nas a2200373 c 4500
001 - NÚMERO DE CONTROL
Número de control 46201
003 - IDENTIFICADOR DE NÚMERO DE CONTROL
Identificador del número de control ES-MaCES
005 - FECHA Y HORA DE LA ÚLTIMA TRANSACCIÓN
Fecha y hora de la última transacción 20250331105157.0
006 - ELEMENTOS DE LONGIUTUD FIJA--CARACTERÍSTICAS ADICIONALES DE TIPO DE MATERIAL--INFORMACION GENERAL
Códigos de información de longitud fija - Características del material adicional aqr|p|r|||| 00| ||
007 - PHYSICAL DESCRIPTION FIXED FIELD--GENERAL INFORMAT
Campo fijo de descripción física cr |||||||||||
008 - CAMPO FIJO DE DESCRIPCIÓN FIJA--INFORMACIÓN GENERAL
Códigos de información de longitud fija   150811c2014 sp qr|p|||||| 0|||b|spa d
017 ## - NÚMERO DE REGISTRO DE DERECHOS DE AUTOR Y DEPÓSITO LEGAL
Número de copyright o de depósito legal MU 1085-2014
022 ## - ISSN (INTERNATIONAL STANDARD SERIAL NUMBER)
Número Internacional Normalizado para Publicaciones Seriadas 2386-7191
040 ## - FUENTE DE CATALOGACIÓN
Centro catalogador de origen ES-MaCES
Lengua de catalogación spa
Centro transcriptor ES-MaCES
Centro modificado ES-MaCES
041 0# - CÓDIGO DE IDIOMA
Código de lengua del texto;banda sonora o título independiente spa
245 00 - MENCIÓN DE TÍTULO
Título Revista de Derecho de la Seguridad Social
260 ## - PUBLICACIÓN, DISTRIBUCIÓN, ETC (PIE DE IMPRENTA)
Lugar de publicación, distribución, etc. Murcia
Nombre del editor, distribuidor, etc. Laborum
Fecha de publicación, distribución, etc. 2014-
300 ## - DESCRIPCIÓN FÍSICA
Extensión v.
Dimensiones 24 cm
310 ## - PERIODICIDAD ACTUAL DE LA PUBLICACIÓN
Periodicidad actual Trimestral
500 ## - NOTA GENERAL
Nota general Descripción basada en: n. 2 (1er. trim. 2015)
530 ## - NOTA DE FORMATOS FÍSICOS ADICCIONALES DISPONIBLES
Nota de formato físico adicional disponible Disponible ed. electrónica
541 ## - NOTA DE LA FUENTE INMEDIANTE DE ADQUISICIÓN
Forma de adquisición Compra
650 #4 - ASIENTO SECUNDARIO DE MATERIA--TÉRMINO DE MATERIA
9 (RLIN) 29076
Término de materia o nombre geográfico como elemento inicial protección social
650 #4 - ASIENTO SECUNDARIO DE MATERIA--TÉRMINO DE MATERIA
9 (RLIN) 27034
Término de materia o nombre geográfico como elemento inicial seguridad social
650 #4 - ASIENTO SECUNDARIO DE MATERIA--TÉRMINO DE MATERIA
9 (RLIN) 30264
Término de materia o nombre geográfico como elemento inicial administración de la seguridad social
650 #4 - ASIENTO SECUNDARIO DE MATERIA--TÉRMINO DE MATERIA
9 (RLIN) 30265
Término de materia o nombre geográfico como elemento inicial financiación de la seguridad social
650 #4 - ASIENTO SECUNDARIO DE MATERIA--TÉRMINO DE MATERIA
9 (RLIN) 29855
Término de materia o nombre geográfico como elemento inicial legislación de seguridad social
653 10 - TÉRMINO DE INDEXACIÓN--NO CONTROLADO
Término no controlado Seguridad Social
856 40 - ACCESO ELECTRÓNICO
Identificador Uniforme del Recurso (URI) https://revista.laborum.es/index.php/revsegsoc/issue/archive
Texto del enlace texto completo desde n. 1 (2014)
866 #0 - FUENTES TEXTUALES--UNIDAD BIBLIOGRÁFICA BÁSICA
Holdings textuales 2015-
Nota pública Ubicación: DEPÓSITO - 55/1132
-- Ubicación: SALA - REV.-3.0.-2
905 ## - CES. DATOS REVISTA
Formato P
Kardex
Proceso A
942 ## - ELEMENTOS KOHA
Fuente de clasificaión o esquema Clasificación propia del CES
Koha [por defecto] tipo de item Periódicas
Parte de clasificación Seguridad social
Existencias
Serie de enumeración ; cronología Número de registro Préstamos totales Fecha último préstamo Tipo de item de Koha
n. 2 (1er. trim. 2015) 086222 2 15/04/2016 Periódicas
n. 3 (2º trim. 2015) 086223     Periódicas
n. 4 (3er. trim. 2015) 086224     Periódicas
n. 5 (4º trim. 2015) 086507     Periódicas
n. 6 (1er. trim. 2016) 088156 1 30/11/2017 Periódicas
n. 7 (2º trim. 2016) 088157     Periódicas
n. 8 (3er. trim. 2016) 088158     Periódicas
n. extra 2016 088159     Periódicas
n. 9 (4º trim. 2016) 088341 1 27/02/2018 Periódicas
n. 10 (1er. trim. 2017) 088801     Periódicas
n. 11 (2º trim. 2017) 089064     Periódicas
n. 12 (3º trim. 2017) 089390 1 23/01/2018 Periódicas
n. 13 (4º trim. 2017) 089782 1 23/01/2018 Periódicas
n. 14 (1er. trim. 2018) 090109     Periódicas
n. 15 (2º trim. 2018) 090703     Periódicas
n. 16 (3er. trim. 2018) 091024     Periódicas
n. 17 (4º trim. 2018) 091467     Periódicas
n. 18 (1er. trim. 2019) 091543     Periódicas
n. 19 (2º trim. 2019) 091790     Periódicas
n. 20 (3er trim. 2019) 094160     Periódicas
n. 21 (4º trim. 2019) 094161     Periódicas
n. 22 (1er trim. 2020) 094162     Periódicas
n. 23 (2º trim. 2020) 094163     Periódicas
n. 24 (3er trim. 2020) 094164     Periódicas
n. 25 (4º trim. 2020) 094165     Periódicas
n. 26 (1er trim. 2021) 094166     Periódicas
n. 27 (2º trim. 2021) 094167     Periódicas
n. 28 (3er trim. 2021) 094169     Periódicas
n. 29 (4º trim. 2021) 094170     Periódicas
n. 30 (1er trim. 2022) 094171     Periódicas
n. extra 2021 094172     Periódicas
n. 31 (2º trim. 2022) 094173     Periódicas
n. 32 (3er trim. 2022) 094174     Periódicas
n. 33 (4º trim. 2022) 094175     Periódicas
n. extra 2022 094176     Periódicas
n. 34 (1er trim. 2023) 094177     Periódicas
n. 35 (2º trim. 2023) 094178     Periódicas
n. 36 (3er trim. 2023) 094179     Periódicas
n. 37 (4º trim. 2023) 094180     Periódicas
n. extra 2023 094181     Periódicas
n. 38 (1er trim. 2024) 094182     Periódicas
n. 39 (2º trim. 2024) 094183     Periódicas
n. 40 (3er trim. 2024) 094184     Periódicas
n. extra 2024 094185 1 27/11/2024 Periódicas
n. especial (2023) 095235     Periódicas
n. 2 especial (2023) 095238     Periódicas
n. 41 (4º trim. 2024) 096792     Periódicas
n. 42 (1º trim 2025) 203582     Periódicas
n. 43 (2º Trim. 2025) 203583     Periódicas
n. 44 (3º Trim. 2025) 203584     Periódicas
n. 45(4º Trim. 2025) 203876     Periódicas
© CES, Consejo Económico y Social de España 2021